Central Library OPAC University of Rajshahi
Normal view MARC view

Entry Personal Name

Number of records used in: 2

001 - CONTROL NUMBER

  • control field: 3127

003 - CONTROL NUMBER IDENTIFIER

  • control field: BD-RjUL

005 - DATE AND TIME OF LATEST TRANSACTION

  • control field: 20220523111137.0

008 - FIXED-LENGTH DATA ELEMENTS

  • fixed length control field: 220523|| aca||aabn | a|a d

040 ## - CATALOGING SOURCE

  • Original cataloging agency: BD-RjUL
  • Transcribing agency: BD-RjUL

100 ## - HEADING--PERSONAL NAME

  • Personal name: March, Jo
  • Titles and other words associated with a name: (Fictitious character)

670 ## - SOURCE DATA FOUND

  • Source citation: Work cat.: (BD-RjUL)79831: Alcott, Louisa May, 1832-1888, author. 3126, Jo's boys /